| 000 | 00883nas a2200277 4500 | ||
|---|---|---|---|
| 001 | BR0200697 | ||
| 003 | BR-BrBNA | ||
| 005 | 20231205102754.0 | ||
| 007 | ta | ||
| 008 | 230509b bl.|||p| |||| 00| 00por d | ||
| 040 |
_aBR-BrBNA _bpor _cBiblioteca Nacional de Agricultura |
||
| 041 | _a(Pt) | ||
| 072 | _aL10 | ||
| 100 | 1 | _aTeixeira, C.S. | |
| 100 | 1 | _aOliveira, D.A.A. | |
| 111 | 1 |
_a14. Congresso Brasileiro de Reprodução Animal _cBelo Horizonte, MG (Brazil) _d1-5 Aug 2001 |
|
| 245 | 1 | _aImunodeficiência severa combinada em cavalos da raça Árabe | |
| 650 | _aEQÜINO | ||
| 650 | _aGENE | ||
| 650 | _aPURO SANGUE ÁRABE | ||
| 650 | _aDNA | ||
| 650 | _aIMUNIDADE | ||
| 773 | 0 |
_tRevista Brasileira de Reprodução Animal (Brazil) _xISSN 0102-0803 _g(Jul-Sep 2001), v. 25(3) p. 489-491 _wBR0200697 |
|
| 909 |
_a202311 _bLúcia _c55 _dLúcia Elande |
||
| 942 |
_2AGRIS _n0 _cANA |
||
| 999 |
_c169259 _d169259 |
||